000 00938nam a2200241Ia 4500
999 _c51490
_d51490
001 18476
003 GE_BSU
005 20230607173049.0
008 181216s2016ge xx |||||||||||||| ||geo||
020 _a9789941462306
040 _cGE_BSU
041 _ageo
080 _a373(479.223)(09) მ-44
100 _aმახარაძე, მიხეილ
_918555
245 _aფაჩხის სკოლა 100 /
_cმიხეილ მახარაძე, რედ. რ. სურმანიძე
250 _aმე-2 დაზუსტებული და შევსებული გამოცემა
264 _aბათუმი :
_bშპს თეგი,
_c2016.
300 _a177გვ. ;
_b 20 სმ.
653 _aნარკვევი
653 _aფაჩხის სკოლა 100
700 _aსურმანიძე, რ
_eრედაქტორი
_918395
942 _cBK
_2udc